Statistics for Historical Countries by Location #3

Click here to take the quiz!

General Stats

  • This quiz has been taken 15 times
  • The average score is 10 of 20

Answer Stats

HintAnswer% Correct
FoixFrance
93%
LippeGermany
79%
GarhwalIndia
71%
BahmaniIndia
71%
AcehIndonesia
57%
MuromRussia
57%
AlaniaRussia
57%
NejdSaudi Arabia
57%
NeuchâtelSwitzerland
57%
BithyniaTurkey
57%
ZabulistanAfghanistan
50%
DahomeyBenin
50%
TyrconnellIreland
50%
PerakMalaysia
50%
MapucheChile
43%
EzoJapan
43%
WarmiaPoland
43%
ChampaVietnam
21%
BarotselandZambia
21%
NdongoAngola
14%

Score Distribution

Percentile by Number Answered

Percent of People with Each Score

Your Score History

You have not taken this quiz